The modern teacher. (Record no. 13348)
[ view plain ]
| 000 -LEADER | |
|---|---|
| fixed length control field | 00432nam a2200133 4500 |
| 008 - FIXED-LENGTH DATA ELEMENTS--GENERAL INFORMATION | |
| fixed length control field | 160518b xxu||||| |||| 00| 0 eng d |
| 022 ## - INTERNATIONAL STANDARD SERIAL NUMBER | |
| International Standard Serial Number | 2094-8042 |
| 082 ## - DEWEY DECIMAL CLASSIFICATION NUMBER | |
| Edition number | Jan. 2013 March 2016 v. 61-64 |
| Classification number | DPer 370.105 |
| Item number | M72 |
| 245 ## - TITLE STATEMENT | |
| Title | The modern teacher. |
| 260 ## - PUBLICATION, DISTRIBUTION, ETC. (IMPRINT) | |
| Place of publication, distribution, etc. | Philippines: |
| Name of publisher, distributor, etc. | In the Grade School, Inc., |
| Date of publication, distribution, etc. | c2013-2016. |
| 300 ## - PHYSICAL DESCRIPTION | |
| Extent | various paging: |
| Other physical details | illustrations; |
| Dimensions | 28 cm. |
| 650 #0 - SUBJECT ADDED ENTRY--TOPICAL TERM | |
| Topical term or geographic name as entry element | Education |
| Form subdivision | Periodicals |
| 9 (RLIN) | 37295 |
| 942 ## - ADDED ENTRY ELEMENTS (KOHA) | |
| Source of classification or shelving scheme | Dewey Decimal Classification |
| Koha item type | Periodicals |
| Withdrawn status | Lost status | Source of classification or shelving scheme | Damaged status | Not for loan | Collection code | Home library | Current library | Date acquired | Source of acquisition | Total Checkouts | Full call number | Barcode | Date last seen | Copy number | Price effective from | Koha item type | Public note |
|---|---|---|---|---|---|---|---|---|---|---|---|---|---|---|---|---|---|
| Dewey Decimal Classification | Periodicals | UM Digos College - LIC | UM Digos College - LIC | 03/05/2019 | Purchased | DPer 370.105 M72 Jan. 2013 - March 2016 v.61-64 | 00266 | 03/05/2019 | 1 | 03/05/2019 | Periodicals | Bound Periodicals |
